Las constituciones de Canadá, los Estados Unidos de América y México : estudio comparativo : sus orígenes, evolución, principios fundamentales y jerarquía con los tratados, los textos positivos /

Gorde:
Xehetasun bibliografikoak
Egile nagusia: Rabasa, Emilio O. (autor)
Beste egile batzuk: Kubli García, Fausto (colaboración) (colaboración)
Formatua: Liburua
Hizkuntza:gaztelania
Argitaratua: México : Porrúa : UNAM, Instituto de Investigaciones Jurídicas, 2003, c2003
Gaiak:
Etiketak: Etiketa erantsi
Etiketarik gabe, Izan zaitez lehena erregistro honi etiketa jartzen!

MARC

LEADER 00000nam^a2200000^a^4500
001 000161195
005 20250521000000.0
009 20260310100748.576
020 |a 970-07-3763-2 
037 |a Acervo ITESO - Biblioteca 
041 |a ESP 
082 |a 342. 7  |b RAB 
100 |a Rabasa, Emilio O.  |e (autor) 
245 1 4 |a Las constituciones de Canadá, los Estados Unidos de América y México :  |b estudio comparativo : sus orígenes, evolución, principios fundamentales y jerarquía con los tratados, los textos positivos /  |c E.O. Rabasa ; colaboración de F. Kubli García. 
264 4 |a México :  |b Porrúa :  |b UNAM, Instituto de Investigaciones Jurídicas,  |c 2003, c2003 
300 |a XIV, 311 p. 
336 |a texto  |b txt  |2 rdacontenido 
337 |a sin mediación  |b n  |2 rdamedio 
338 |a volumen  |b nc  |2 rdasoporte 
649 |a XX 
650 |a Constitución -  |z México 
650 |a Constitución -  |z Canadá 
650 |a Constitución -  |z EUA 
650 |a Derecho Constitucional -  |z México 
650 |a Derecho Constitucional -  |z Canadá 
650 |a Derecho Constitucional -  |z EUA 
650 |a Derecho Público -  |z México 
650 |a Derecho Público -  |z Canadá 
650 |a Derecho Público -  |z EUA 
650 |a México -  |x Historia Constitucional 
650 |a Canadá -  |x Historia Constitucional 
650 |a EUA -  |x Historia Constitucional 
700 |a Kubli García, Fausto  |e (colaboración) 
910 |a Fondo General 
920 |a Impresos - Libros 
930 |a Colección General 
905 |a 101 
901 |a 0500093295  |b IT1  |c ACC  |u 20250521 
902 |a https://opac.biblio.iteso.mx/vufind/Record/000161195